000 00749nam a2200193Ia 4500
008 0000001982 fr a 0000000000fre00
090 _aPSZ00 V17v
100 1 _aVarlin, Willy Guggenheim
_d1900
245 1 0 _aVarlin
_b: peintures
300 _a66 p.
_c/ 31 cm.
500 _aExposición realizada en Galerie Claude Bernard, Paris, Febrero 12 Marzo 27, 1982 \ Texto bilingue : francés e italiano \ Con el patronazgo de la empresa colombiana PLARESA \
600 0 0 _aVARLIN, WILLY GUGGENHEIM, 19001977/
_xTRABAJOS PICTORICOS
650 1 4 _aARTE CONTEMPORANEO SUIZO
650 1 4 _xCATALOGOS
650 1 4 _xEXPOSICIONES
650 1 4 _aPINTORES SUIZOS
650 1 4 _aPINTURA SUIZA
999 _c7401
_d7401
260 _aParís : Galerie Claude Bernard
_c1982